[Event "NOR-ch"]
[Site "?"]
[Date "1994.??.??"]
[Round "1"]
[White "Ostenstad, Berge"]
[Black "Elsness, Frode"]
[Result "1-0"]
[WhiteElo "2475"]
[BlackElo "2280"]

1.d4 f5 2.g3 Nf6 3.Bg2 g6 4.Nf3 Bg7 5.O-O O-O 6.c4 d6 7.Nc3 Nc6 8.d5 Ne5
9.Nxe5 dxe5 10.Qb3 e6 11.Rd1 exd5 12.Nxd5 c6 13.Bg5 cxd5 14.Bxd5+ Kh8 15.Bxb7 Rb8
16.Rxd8 Rxd8 17.Rd1 Rg8 18.Qa4 Rxb7 19.Bxf6 Bxf6 20.b4 Rc7 21.c5 a6 22.c6 Re8
23.Rd6 Be7 24.Rd5 Bf8 25.b5 axb5 26.Qxb5 Re6 27.Rd8 Rexc6 28.Rxf8+ Kg7 29.Rd8 Kf6
30.f4 Rc5 31.Qe8 exf4 32.gxf4 Rc1+ 33.Kf2 R7c4 34.Qf8+ Ke6 35.Rd6+  1-0

[Event "Oberwart op"]
[Site "Oberwart"]
[Date "1994.??.??"]
[Round "9"]
[White "Tregubov, Pavel V"]
[Black "Lendwai, Reinhard"]
[Result "1-0"]
[WhiteElo "2545"]
[BlackElo "2395"]

1.Nf3 f5 2.g3 Nf6 3.Bg2 g6 4.O-O Bg7 5.c4 O-O 6.d4 d6 7.d5 c6 8.Nd4 Bd7 9.Nc3 Qe8
10.Rb1 Na6 11.dxc6 bxc6 12.b4 e5 13.Nc2 Qe6 14.b5 Qxc4 15.Qd3 Qxd3 16.exd3 Nc5
17.bxc6 Be6 18.Rd1 Rab8 19.Rxb8 Rxb8 20.Ba3 Bf8 21.d4 exd4 22.Nxd4 Bc4 23.Ndb5 Be6
24.c7 Re8 25.Bxc5 dxc5 26.Nxa7 Be7 27.Bc6 Rf8 28.Nd5 Kf7 29.Nxf6 Bxf6 30.Bd5 c4
31.c8=Q Rxc8 32.Nxc8 c3 33.Nd6+ Ke7 34.Bxe6 Kxe6 35.Nb5  1-0

[Event "Olot op"]
[Site "Olot"]
[Date "1994.??.??"]
[Round "?"]
[White "Wehmeier, Stefan"]
[Black "De la Riva Aguado, Oscar"]
[Result "1/2-1/2"]
[WhiteElo "2325"]
[BlackElo "2420"]

1.d4 f5 2.c4 Nf6 3.Nf3 g6 4.g3 Bg7 5.Bg2 O-O 6.O-O d6 7.Nc3 Nc6 8.d5 Ne5
9.Nxe5 dxe5 10.e4 f4 11.gxf4 exf4 12.Bxf4 Nxe4 13.Nxe4 Rxf4 14.Qe2 e6 15.Rad1 exd5
16.Rxd5 Qf8 17.Qd2 Bg4 18.Re1 c6 19.Rd3 Re8 20.Nf6+ Rxf6 21.Rxe8 Qxe8 22.Rd8 Rf8
23.Rxe8 Rxe8 24.f3 Bf5 25.Bf1 Bf6 26.Qb4 Re7 27.c5 Kg7 28.Qd2 Rd7 29.Qc1 Rd4
30.a3 a5 31.b3 Be6  1/2-1/2

[Event "Orel2"]
[Site "Orel"]
[Date "1994.??.??"]
[Round "6"]
[White "Anapolsky, Sergey"]
[Black "Solonar, Stephan"]
[Result "1-0"]
[WhiteElo "2455"]
[BlackElo "2400"]

1.d4 f5 2.g3 Nf6 3.Bg2 g6 4.Nf3 Bg7 5.O-O O-O 6.c4 d6 7.Nc3 Qe8 8.d5 Na6
9.Ne1 e5 10.dxe6 Qxe6 11.b3 c6 12.Bb2 Bd7 13.Nd3 Rad8 14.Qc2 Rfe8 15.Rad1 g5
16.e3 Qf7 17.Ne2 Qh5 18.b4 Ng4 19.h3 Ne5 20.a3 Nf3+ 21.Kh1 Be5 22.Nxe5 dxe5
23.Bxf3 Qxf3+ 24.Kh2 Qh5 25.Ng1 f4 26.exf4 gxf4 27.gxf4 Bf5 28.Qb3 Rxd1 29.Rxd1 exf4
30.Qc3 Qh6 31.Rd6 Be6 32.Ne2 Qxh3+ 33.Qxh3 Bxh3 34.Nxf4 Bf5 35.Bd4 Re4 36.Kg3 Nc7
37.f3 Re8 38.Nh5 Re1 39.Kf4 Bh3 40.Bxa7 Ra1 41.Bb6 Ne6+ 42.Kg3 Bf5 43.Rd7 Rxa3
44.Rxb7 Rc3 45.Nf6+ Kf8 46.c5 Nd4 47.Kf4 Rxf3+ 48.Ke5 Nb5 49.Bd8 Bg6 50.Rd7 Rf5+
51.Ke6 Rf4 52.Bc7 Nxc7+ 53.Rxc7 Rxb4 54.Rxc6 h5 55.Rc7 h4 56.c6 h3 57.Rc8+ Kg7
58.Rg8+ Kh6 59.c7 h2 60.c8=Q Kg5  1-0

[Event "Ostrava"]
[Site "Ostrava"]
[Date "1994.??.??"]
[Round "11"]
[White "Haba, Petr"]
[Black "Danner, Georg"]
[Result "1/2-1/2"]
[WhiteElo "2475"]
[BlackElo "2440"]

1.d4 f5 2.g3 Nf6 3.Bg2 g6 4.Nf3 Bg7 5.O-O O-O 6.c4 d6 7.Nc3 Nc6 8.d5 Ne5
9.Qb3 Nh5 10.e3 Rb8 11.Bd2 Bd7 12.Nxe5 Bxe5 13.f4 Bg7 14.Rae1 e5  1/2-1/2

[Event "PER-ch"]
[Site "Peru"]
[Date "1994.??.??"]
[Round "6"]
[White "Gonzales, Manuel"]
[Black "Oblitas, Carlomagno"]
[Result "0-1"]
[WhiteElo "2265"]
[BlackElo "2480"]

1.c4 f5 2.Nf3 Nf6 3.g3 g6 4.Bg2 Bg7 5.O-O O-O 6.d4 d6 7.Nc3 Nbd7 8.d5 e5
9.dxe6 Nc5 10.Nd4 c6 11.b3 Nxe6 12.Nxe6 Bxe6 13.Ba3 Ne4 14.Nxe4 Bxa1 15.Qxd6 Re8
16.Rxa1 fxe4 17.Qf4 Qd4 18.Rf1 Rad8 19.e3 Qd2 20.Qf6 Qd7 21.Bb2 Rf8 22.Qh8+ Kf7
23.Qxh7+ Ke8 24.Qxg6+ Qf7 25.Bxe4 Rd2 26.Qxf7+ Kxf7 27.Bc3 Rxa2 28.Kg2 Re8
29.Bf3 Bf5 30.h4 Rxe3 31.Bd4 Rxb3 32.Bh5+ Bg6 33.Bxg6+ Kxg6 34.Re1 Rd3 35.Re6+ Kf7
36.Re4 b5 37.h5 b4 38.Bc5 b3 39.Re7+ Kf6 40.Rb7 Ra5 41.Be7+ Ke6 42.Bf8 Rxh5
43.Re7+ Kf5 44.Rxa7 Rh8 45.Bg7 Rh7 46.Ra5+ Ke6 47.Ba1 Rd2 48.Ra6 Rf7 49.Rxc6+ Kd7
50.Rb6 Rfxf2+ 51.Kh3 b2 52.Bxb2 Rxb2 53.Ra6 Rfc2 54.Ra4 Rb3 55.Kh4 Rh2+ 56.Kg4 Rg2
57.Kf4 Rbxg3 58.Ke4 Kc6 59.Kd4 Rd2+  0-1

[Event "Platja d'Aro Barcino"]
[Site "Platja d'Aro"]
[Date "1994.??.??"]
[Round "?"]
[White "Antunes, Antonio"]
[Black "Mellado Trivino, Juan"]
[Result "1/2-1/2"]
[WhiteElo "2510"]
[BlackElo "2400"]

1.Nf3 f5 2.g3 Nf6 3.Bg2 g6 4.O-O Bg7 5.d4 O-O 6.c4 d6 7.Nc3 c6 8.d5 Bd7 9.Rb1 a5
10.Ne1 Na6 11.Nd3 Nc7 12.b3 cxd5 13.cxd5 b5 14.b4 a4 15.Bb2 Rc8 16.Re1 Na8
17.e4 Ng4 18.Ne2 fxe4 19.Bxe4 Qb6 20.Bxg7 Kxg7 21.Nef4 Rf7 22.Rb2 Nf6 23.Bg2 Rc4
24.h3 Nc7 25.Rbe2 g5 26.Ne6+ Bxe6 27.dxe6 Rf8 28.Rd2 h6 29.Qe2 Ncd5 30.a3 Nc3
31.Qe3 Qxe3 32.Rxe3 Ncd5 33.Re1 Rc3 34.Ra1 Nb6 35.Nb2 Rfc8 36.Bf1 Rc2 37.Rxc2 Rxc2
38.Nd1 Nc4 39.Bxc4 Rxc4 40.Ne3 Re4 41.Nf5+ Kf8 42.Rc1 Rxe6 43.Rc8+ Kf7 44.Nd4 Re5
45.Rb8 h5 46.Nxb5 g4 47.hxg4 hxg4 48.Nc3 Re1+ 49.Kg2 Ra1 50.Nxa4 Rxa3 51.Nb2 Ne4
52.Nd1 Ra2 53.Rc8 Ra4  1/2-1/2

[Event "Polanica Zdroj op"]
[Site "Polanica Zdroj"]
[Date "1994.??.??"]
[Round "?"]
[White "Matlak, Marek"]
[Black "Grabarczyk, Bogdan"]
[Result "1-0"]
[WhiteElo "2485"]
[BlackElo "2355"]

1.Nf3 f5 2.d4 Nf6 3.g3 g6 4.Bg2 Bg7 5.O-O O-O 6.c4 d6 7.Nc3 Nc6 8.d5 Ne5
9.Nxe5 dxe5 10.Qb3 h6 11.c5 Kh8 12.Rd1 g5 13.Bd2 a6 14.Be1 Rb8 15.Qb4 Bd7
16.Rac1 e4 17.f3 Qe8 18.Bf2 e5 19.Qa5 exf3 20.exf3 c6 21.d6 e4 22.Bd4 e3
23.Ne2 f4 24.gxf4 gxf4 25.Nxf4 Rg8 26.Qc3 e2 27.Re1 Nh5 28.Nxh5 Qxh5 29.Rxe2 Qg5
30.Rcc2 Rbe8 31.Rxe8 Bxe8 32.Re2 Bd7 33.b4 Bh3 34.Bxg7+ Rxg7 35.Qc2 Bf5 36.Qd2 Qh4
37.Kh1 Bh3 38.Re8+ Rg8 39.Rxg8+ Kxg8 40.Bxh3 Qxh3 41.Qg2+  1-0

[Event "Praha Mladi"]
[Site "Prague"]
[Date "1994.??.??"]
[Round "1"]
[White "Ioseliani, Nana"]
[Black "Beuchler, Holger"]
[Result "1-0"]
[WhiteElo "2435"]
[BlackElo "2210"]

1.Nf3 f5 2.d4 Nf6 3.g3 g6 4.Bg2 Bg7 5.O-O O-O 6.c4 d6 7.Nc3 Qe8 8.d5 Na6
9.Nd4 Bd7 10.Rb1 c6 11.Re1 Nc7 12.Qd3 c5 13.Nc2 b5 14.b4 Ne4 15.Nxe4 fxe4
16.Bxe4 bxc4 17.Qxc4 Bb5 18.Qb3 Qf7 19.Qf3 Qxf3 20.exf3 Bc4 21.bxc5 Nxd5
22.cxd6 exd6 23.Rb7 Rad8 24.Rxa7 Nc3 25.Ne3 Bxa2 26.Rxg7+ Kxg7 27.Bb2 d5
28.Bxc3+ Kg8 29.Ng4 d4 30.Bb2 Bb3 31.Rc1 Kf7 32.Ne5+ Ke6 33.Nd3  1-0

[Event "Pula PCA op"]
[Site "Pula"]
[Date "1994.??.??"]
[Round "?"]
[White "Cvitan, Ognjen"]
[Black "Loncar, Robert"]
[Result "1/2-1/2"]
[WhiteElo "2570"]
[BlackElo "2430"]

1.Nf3 f5 2.g3 Nf6 3.Bg2 g6 4.O-O Bg7 5.d4 O-O 6.c4 d6 7.Nc3 Qe8 8.d5 Na6
9.Rb1 Bd7 10.b4 c5 11.dxc6 Bxc6 12.b5 Bxf3 13.Bxf3 Nc5 14.Be3 Rc8 15.Bxc5 Rxc5
16.Bxb7 Rxc4 17.Qb3  1/2-1/2

[Event "ROM-chT"]
[Site "ROM"]
[Date "1994.??.??"]
[Round "?"]
[White "Anapolsky, Sergey"]
[Black "Grunberg, Mihai"]
[Result "1-0"]
[WhiteElo "2445"]
[BlackElo "2340"]

1.d4 f5 2.c4 Nf6 3.g3 g6 4.Bg2 Bg7 5.Nf3 O-O 6.O-O d6 7.Nc3 Nc6 8.d5 Ne5
9.Nxe5 dxe5 10.e4 f4 11.b4 g5 12.Bb2 Qe8 13.Nb5 Ng4 14.h3 Qh5 15.Qf3 Bd7
16.Nxc7 Rac8 17.Ne6 Bxe6 18.dxe6 Nf6 19.Qxh5 Nxh5 20.Bf3 g4 21.Bxg4 Nf6 22.c5 Nxg4
23.hxg4 Rc6 24.Rad1 Rxe6 25.Rd7 b6 26.Rxa7 bxc5 27.b5 Rb8 28.a4 fxg3 29.fxg3 Bh6
30.Bc1 Bxc1 31.Rxc1 Kf7 32.Rxc5 Rg8 33.Ra6 Rxa6 34.bxa6 Rxg4 35.Kf2 Rg6 36.Ra5 Rg8
37.Rxe5 Ra8 38.Ra5 Ra7 39.Ke3 Ke6 40.Kd4 Kd6 41.Kc4 Kc6 42.Rh5 e6 43.Rh6 Re7
44.a5 Kd6 45.Kb5 Rc7 46.Kb6 Rc6+ 47.Kb7 Rc7+ 48.Kb8 Rc5 49.Rxh7 Rb5+ 50.Rb7  1-0

[Event "Saanen"]
[Site "Saanen"]
[Date "1994.??.??"]
[Round "9"]
[White "Leutwyler, Martin"]
[Black "Krizsany, Laszlo"]
[Result "0-1"]
[WhiteElo "2210"]
[BlackElo "2385"]

1.d4 f5 2.g3 Nf6 3.Bg2 g6 4.Nf3 Bg7 5.O-O O-O 6.c4 d6 7.d5 Na6 8.Nc3 Qe8
9.Rb1 c6 10.Be3 Bd7 11.Qd2 Ng4 12.Bf4 e5 13.dxe6 Bxe6 14.b3 Rd8 15.Ng5 Bc8
16.h4 Nc5 17.Rbe1 h6 18.Nh3 Kh7 19.e4 Ne5 20.Bxe5 dxe5 21.Qe3 Nd3 22.Rd1 f4
23.Qe2 f3 24.Bxf3 Bxh3  0-1

[Event "Sala op"]
[Site "Sala"]
[Date "1994.??.??"]
[Round "7"]
[White "Studeny, Steffen"]
[Black "Salai, Ladislav"]
[Result "0-1"]
[WhiteElo "2185"]
[BlackElo "2395"]

1.d4 f5 2.g3 Nf6 3.Bg2 g6 4.Nf3 Bg7 5.O-O O-O 6.c4 d6 7.Nc3 Qe8 8.d5 Na6
9.Rb1 c6 10.dxc6 bxc6 11.b4 Rb8 12.b5 cxb5 13.cxb5 Nc5 14.a4 Nfe4 15.Nxe4 Nxe4
16.Bb2 Qf7 17.Bxg7 Qxg7 18.Nd4 Kh8 19.Nc6 Rb7 20.Qc2 Bd7 21.Rbc1 Nc5 22.Qa2 Rc7
23.Nb4 Rfc8 24.Qa3 Ne4 25.Rxc7 Rxc7 26.Nd5 Rc5 27.Ne3 Nc3 28.Re1 Qd4 29.a5 Rxb5
30.a6 e5 31.Qc1 Rb1 32.Qxb1 Nxb1 33.Rxb1 Be6 34.Rb8+ Kg7 35.Rb7+ Kf6 36.Rb1 f4
37.Nf1 Bc4 38.gxf4 exf4 39.e3 Qc5 40.exf4 Bxa6 41.Ne3 Bb5 42.Nd5+ Kf7 43.Re1 Kf8
44.h4 a5 45.h5 a4 46.h6 a3 47.Nf6 Qc3 48.Nxh7+ Kg8  0-1

[Event "Schwaebisch Gmuend op"]
[Site "Schwaebisch Gmuend"]
[Date "1994.??.??"]
[Round "3"]
[White "Adamski, Jan"]
[Black "Fietz, Harald"]
[Result "1/2-1/2"]
[WhiteElo "2415"]
[BlackElo "2240"]

1.Nf3 f5 2.g3 Nf6 3.Bg2 g6 4.O-O Bg7 5.d4 O-O 6.c4 d6 7.Nc3 Qe8 8.Re1 Qf7
9.b3 Ne4 10.Bb2 c5 11.e3 Nc6 12.Qc2 Nb4 13.Qe2 h6 14.a3 Nc6 15.Red1 g5 16.Na4 Qh5
17.dxc5 Bxb2 18.Qxb2 f4 19.exf4 gxf4 20.Rd5 e5 21.cxd6 fxg3 22.fxg3 Be6 23.Rxe5 Nxe5
24.Qxe5 Qxe5 25.Nxe5 Nxd6 26.Nc5 Bf5 27.Nxb7 Nxb7 28.Bxb7 Rae8 29.Bd5+ Kg7
30.Nc6 Be4 31.Bxe4 Rxe4 32.Nxa7 Rf3 33.Rc1 Rxb3 34.c5 Re2 35.c6 Rbb2 36.c7 Rg2+  1/2-1/2

[Event "SCO-ch"]
[Site "SCO"]
[Date "1994.??.??"]
[Round "?"]
[White "Farrell, Neil"]
[Black "Roberts, Paul"]
[Result "0-1"]
[WhiteElo "2140"]
[BlackElo "2165"]

1.d4 f5 2.Nf3 Nf6 3.g3 g6 4.Bg2 Bg7 5.O-O O-O 6.c4 d6 7.Nc3 Qe8 8.d5 Na6
9.Rb1 c5 10.dxc6 bxc6 11.b4 Rb8 12.a3 Bd7 13.Qa4 Qc8 14.Bb2 e5 15.Rfd1 Ne8
16.Qc2 Nac7 17.Ba1 Qa6 18.b5 cxb5 19.Nxb5 Nxb5 20.cxb5 Rxb5 21.Qa2+ Kh8 22.Ng5 h6
23.Ne6 Rxb1 24.Rxb1 Bxe6 25.Qxe6 Nf6 26.Rb7 Qxe2 27.Bc3 Qd1+ 28.Bf1 Ne4 29.Qxg6 Rg8
30.Bb4 Nxf2 31.Qxf5 Rf8 32.Qd7 Nh3+ 33.Qxh3 Qd4+ 34.Kh1 Qe4+ 35.Bg2 Rf1+  0-1

[Event "SCO-ch"]
[Site "SCO"]
[Date "1994.??.??"]
[Round "?"]
[White "Henderson, John B"]
[Black "Roberts, Paul"]
[Result "1/2-1/2"]
[WhiteElo "2230"]
[BlackElo "2165"]

1.d4 f5 2.Nf3 Nf6 3.g3 g6 4.Bg2 Bg7 5.O-O O-O 6.c4 d6 7.Nc3 Qe8 8.b3 c6 9.Ba3 Na6
10.Rc1 h6 11.Ne1 g5 12.e4 f4 13.Nd3 fxg3 14.fxg3 Ng4 15.Rxf8+ Qxf8 16.Ne2 Ne3
17.Qd2 Nxg2 18.Rf1 Qe8 19.Kxg2 Qh5 20.Rf2 Bg4 21.Bb2 Rf8 22.Rxf8+ Kxf8 23.Ng1 Qg6
24.Nf2 Bc8 25.Nf3 b6 26.h3 Nc7 27.d5 c5 28.g4  1/2-1/2

[Event "Wch U26"]
[Site "Sofia"]
[Date "1994.??.??"]
[Round "5"]
[White "Delchev, Aleksander"]
[Black "Markovic, Ivan"]
[Result "0-1"]
[WhiteElo "2480"]
[BlackElo "2400"]

1.d4 f5 2.g3 Nf6 3.Bg2 g6 4.Nf3 Bg7 5.O-O O-O 6.c4 d6 7.Nc3 c6 8.Rb1 Kh8
9.b4 Be6 10.d5 Bg8 11.Bb2 cxd5 12.Nxd5 Nc6 13.Qd2 Rc8 14.Rbc1 e5 15.Nxf6 Bxf6
16.Rfd1 e4 17.Ne1 Bxb2 18.Qxb2+ Qf6 19.Qa3 a6 20.f4 Rfd8 21.e3 d5 22.b5 axb5
23.cxb5 Ra8 24.Qc5 Ne7 25.a3 d4 26.Nc2 d3 27.Nd4 Nd5 28.Kf2 b6 29.Qc6 Rxa3
30.Ra1 Rxa1 31.Rxa1 Rd6 32.Qe8 Nxe3 33.Ra8 Ng4+  0-1

[Event "St Petersburg op"]
[Site "St Petersburg"]
[Date "1994.??.??"]
[Round "1"]
[White "Verdihanov, Vladislav"]
[Black "Malaniuk, Vladimir P"]
[Result "0-1"]
[WhiteElo "2420"]
[BlackElo "2595"]

1.d4 f5 2.g3 Nf6 3.Bg2 g6 4.Nf3 Bg7 5.O-O O-O 6.c4 d6 7.Nc3 Qe8 8.b3 Na6
9.Ba3 h6 10.Rc1 c6 11.Qc2 g5 12.e4 fxe4 13.Nxe4 Qg6 14.Nxf6+ Qxf6 15.d5 cxd5
16.cxd5 Bg4 17.Nd2 Rac8 18.Ne4 Qd4 19.Qd2 Qxd2 20.Nxd2 Bd4 21.Ne4 Bf5 22.h3 Bg6
23.Rcd1 Bb6 24.Rd2 Rc7 25.Kh1 Ba5 26.Rb2 Nb4 27.Bxb4 Bxb4 28.f4 Ba5 29.Re2 gxf4
30.Rxf4 Rxf4 31.gxf4 Bh5 32.Rb2 Bb6 33.Kh2 Bd4 34.Rb1 Rc2 35.Kg3 Bg6 36.Bf3 Rxa2
37.Rc1 Rb2 38.Rc8+ Kf7 39.Rc7 Rxb3 40.Nxd6+ Kf6 41.Nc4 Rc3 42.Kg2 Rc2+ 43.Kh1 Bd3
44.d6 exd6 45.Nxd6 Rxc7 46.Ne8+ Kf5 47.Nxc7 b5 48.Nd5 a5 49.Kg2 Ke6 50.Kg3 b4  0-1

[Event "St Petersburg op"]
[Site "St Petersburg"]
[Date "1994.??.??"]
[Round "4"]
[White "Aseev, Konstantin N"]
[Black "Popov, Valerij"]
[Result "1-0"]
[WhiteElo "2545"]
[BlackElo "2395"]

1.d4 f5 2.c4 Nf6 3.Nf3 g6 4.g3 Bg7 5.Bg2 O-O 6.O-O d6 7.Nc3 Nc6 8.d5 Ne5
9.Nxe5 dxe5 10.Qb3 Kh8 11.Rd1 h6 12.c5 g5 13.Bd2 a6 14.Na4 Qe8 15.Ba5 Bd7
16.Nc3 b6 17.cxb6 cxb6 18.Qxb6 e4 19.d6 Rb8 20.Qxa6 Rxb2 21.Rab1 Rxb1 22.Rxb1 exd6
23.Qxd6 e3 24.f3 f4 25.Bb6 Qg6 26.Bd4 Qc2 27.Bf1 Rf7 28.Rb7 Qc1 29.Bxf6 Bxf6
30.Rxd7 Rxd7 31.Qxf6+ Kg8 32.Qe6+ Rf7 33.Qg6+ Rg7 34.Qe8+ Kh7 35.Ne4 Qa1
36.Qe6 h5 37.Nf6+ Kh6 38.Ng4+ Kh7 39.Qh6+ Kg8 40.Qxh5  1-0

[Event "St Petersburg op"]
[Site "St Petersburg"]
[Date "1994.??.??"]
[Round "5"]
[White "Akopian, Vladimir"]
[Black "Vasiukov, Evgeni"]
[Result "1-0"]
[WhiteElo "2605"]
[BlackElo "2505"]

1.d4 f5 2.Nf3 Nf6 3.g3 g6 4.Bg2 Bg7 5.O-O O-O 6.c4 d6 7.Nc3 Qe8 8.d5 Na6
9.Rb1 Nc5 10.b4 Nce4 11.Bb2 e5 12.dxe6 Bxe6 13.Nxe4 fxe4 14.Nd2 Bf5 15.e3 Qe6
16.Nb3 Qxc4 17.Rc1 Qf7 18.Bxf6 Bxf6 19.Qc2 c6 20.Bxe4 Be6 21.Rb1 Rae8 22.Bg2 Bf5
23.e4 Be6 24.Qd2 Rd8 25.f4 Kh8 26.Kh1 Bg7 27.Qe3 b6 28.Rfd1 c5 29.a3 Rfe8
30.Qf3 Qd7 31.Rd2 Qa4 32.Qd1 Rb8 33.Rxd6 Qxa3 34.e5 Bf8 35.Rd2 Bf5 36.Ra1 Qxb4
37.Rxa7 c4 38.Nd4 c3 39.Nc6 Qc5 40.Rdd7  1-0

[Event "Terrassa op"]
[Site "Terrassa"]
[Date "1994.??.??"]
[Round "3"]
[White "Comas Fabrego, Luis"]
[Black "De la Riva Aguado, Oscar"]
[Result "1/2-1/2"]
[WhiteElo "2500"]
[BlackElo "2420"]

1.d4 f5 2.g3 Nf6 3.Bg2 g6 4.Nf3 Bg7 5.O-O O-O 6.c4 d6 7.Nc3 c6 8.d5 e5 9.dxe6 Bxe6
10.b3 Na6 11.Ng5 Bc8 12.Bb2 Qe7 13.Qc2 h6 14.Nf3 Be6 15.Nd4 Bf7 16.Rad1 Rfe8
17.e3 Rad8 18.Qc1 Nc5 19.Qa1 Qf8 20.Nce2 Ncd7 21.Nf4 a6 22.h4 c5 23.h5 cxd4
24.hxg6 Be6 25.exd4 Kh8 26.Bxb7 Nb8 27.d5 Bg8 28.Kg2 Re5 29.Rh1 Qe7 30.Nd3 Qxb7
31.Nxe5 dxe5 32.Bxe5 Bxd5+ 33.cxd5 Rxd5 34.Rxd5 Qxd5+ 35.f3 Nbd7 36.Bxf6 Qd2+
37.Kh3 Nxf6 38.Rd1 Qg5 39.Rd8+ Ng8 40.Qd1 Qxg6 41.Qd5 Bf6 42.Ra8 h5 43.Qe6 Kh7
44.Rxg8 Qxg8 45.Qxf6 Qd5 46.Qe7+ Kg6 47.Kh4 Qd4+ 48.f4 Qd5 49.Qg5+ Kf7 50.Qxh5+ Kg7
51.Qe8 Kh6 52.Qh8+ Kg6 53.Qh5+ Kg7 54.g4 Qh1+ 55.Kg5 Qc6 56.gxf5 Qg2+ 57.Qg4 Qd5
58.Qg1 Qd8+ 59.Kg4 Kf6 60.Qa1+ Kf7 61.Qc1 Qg8+ 62.Kf3 Qa8+ 63.Kf2 Qa7+ 64.Qe3 Qc7
65.Qe6+ Kf8 66.f6 Qxf4+ 67.Ke2 Qh2+ 68.Kd3 Qg3+ 69.Kc4  1/2-1/2

[Event "Vienna op"]
[Site "Vienna"]
[Date "1994.??.??"]
[Round "6"]
[White "Danner, Georg"]
[Black "Moser, Guenter"]
[Result "1-0"]
[WhiteElo "2440"]
[BlackElo "2315"]

1.d4 f5 2.Nf3 Nf6 3.g3 g6 4.Bg2 Bg7 5.O-O O-O 6.c4 d6 7.d5 c6 8.Nc3 e5 9.dxc6 bxc6
10.b3 e4 11.Nd4 Ng4 12.Bb2 Bd7 13.Nc2 Be5 14.Qd2 a5 15.Rad1 Na6 16.Na4 Rf6
17.Bxe5 Nxe5 18.f3 exf3 19.exf3 Qc7 20.f4 Nf7 21.Rfe1 Qa7+ 22.Qd4 Qxd4+ 23.Nxd4 d5
24.Nb6 Rd8 25.Re7 Nc5 26.cxd5 cxd5 27.Nxd7 Rxd7 28.Rxd7 Nxd7 29.Bxd5 Nb6
30.Be6 Kf8 31.Re1 Nd8 32.Re5 Nxe6 33.Nxe6+ Kg8 34.Ng5 h6 35.Nf3 a4 36.Re8+ Kf7
37.Rb8 Rd6 38.Ne5+ Ke6 39.Rh8 Rd1+ 40.Kg2 Rd2+ 41.Kh3 a3 42.Rxh6 Nd5 43.Rxg6+ Ke7
44.Ra6 Rxa2 45.Nc4 Nf6 46.Rxa3 Rc2 47.Ne3 Rc5 48.b4 Rb5 49.Ra5 Rxb4 50.Nxf5+ Ke6
51.Ra2  1-0

[Event "Wiesbaden op"]
[Site "Wiesbaden"]
[Date "1994.??.??"]
[Round "4"]
[White "Schwarz, Peter"]
[Black "Galdunts, Sergey"]
[Result "0-1"]
[WhiteElo "2280"]
[BlackElo "2475"]

1.d4 f5 2.Nf3 Nf6 3.g3 g6 4.Bg2 Bg7 5.O-O O-O 6.c4 d6 7.Nc3 Qe8 8.d5 Na6
9.Nd4 Bd7 10.Rb1 c6 11.dxc6 bxc6 12.b4 Nxb4 13.Rxb4 c5 14.Rb1 cxd4 15.Bxa8 dxc3
16.Bg2 Be6 17.Rb3 Ne4 18.Ra3 Bxc4 19.Rxa7 Qb5 20.a4 Qe5 21.Be3 d5 22.f4 Qe6
23.Bd4 Bxe2  0-1

[Event "Wrexham"]
[Site "Wrexham"]
[Date "1994.??.??"]
[Round "?"]
[White "Davies, Nigel R"]
[Black "Westerinen, Heikki MJ"]
[Result "1/2-1/2"]
[WhiteElo "2510"]
[BlackElo "2370"]

1.c4 f5 2.g3 Nf6 3.Bg2 g6 4.Nf3 Bg7 5.O-O O-O 6.d4 d6 7.b3 Nc6 8.Bb2 Ne4
9.Nbd2 e6 10.e3 Bd7 11.Ne1 Nxd2 12.Qxd2 e5 13.dxe5 dxe5 14.Rd1 Be6 15.Bxc6 bxc6
16.Nd3 e4 17.Bxg7 Kxg7 18.Nc5 Qxd2 19.Rxd2 Rae8 20.Na6 Bc8 21.Nb8 Rf6 22.Rfd1 Kf7
23.Kg2 Ke7 24.f4 exf3+ 25.Kxf3 Re6 26.Kf2 Kf6 27.Rd8 Rxe3 28.Rxe8  1/2-1/2

[Event "Wuerzburg op"]
[Site "Wuerzburg"]
[Date "1994.??.??"]
[Round "4"]
[White "Panchenko, Alexander N"]
[Black "Mainka, Romuald"]
[Result "1-0"]
[WhiteElo "2480"]
[BlackElo "2480"]

1.Nf3 f5 2.g3 g6 3.Bg2 Bg7 4.d4 Nf6 5.O-O O-O 6.c4 d6 7.Nc3 Qe8 8.b3 Na6
9.Re1 h6 10.e4 fxe4 11.Nxe4 Qf7 12.Nxf6+ Qxf6 13.Bb2 g5 14.Qd2 c6 15.Re3 Bd7
16.Rae1 Rae8 17.Bc3 Qf7 18.Qe2 Nc7 19.Rxe7 Rxe7 20.Qxe7 Qxe7 21.Rxe7 Rf7
22.Re3 Bf5 23.h3 Bc2 24.Nd2 d5 25.Re1 Rd7 26.Nf3 dxc4 27.bxc4 Bd3 28.Bf1 Bxf1
29.Kxf1 c5 30.Ne5 Bxe5 31.dxe5 Rd3 32.Rc1 Kf7 33.Ke2 Rd7 34.Ke3 Ke6 35.Ke4 Ne8
36.f4 Ng7 37.Rf1 Nf5 38.Rf3 gxf4 39.Kxf4 Nd4 40.Re3 Rf7+ 41.Ke4 Rf2 42.Bxd4 cxd4
43.Ra3  1-0

[Event "Zuerich op"]
[Site "Zuerich"]
[Date "1994.??.??"]
[Round "?"]
[White "Sofrigin, Alexej"]
[Black "Horn, Pascal"]
[Result "1-0"]
[WhiteElo "2265"]
[BlackElo "2275"]

1.Nf3 f5 2.d4 Nf6 3.g3 g6 4.Bg2 Bg7 5.O-O O-O 6.c4 d6 7.Nc3 Nc6 8.d5 Na5
9.Qd3 c5 10.b3 a6 11.Bb2 Rb8 12.Rac1 b5 13.Ba1 bxc4 14.bxc4 Ng4 15.e3 Qe8
16.Rb1 Rb4 17.a3 Rxb1 18.Rxb1 Ne5 19.Nxe5 Bxe5 20.Bf1 Nb7 21.Qc2 Qf7 22.Na4 Bxa1
23.Rxa1 e5 24.dxe6 Bxe6 25.Nb6 Qc7 26.Rb1 Nd8 27.Qa4 Nf7 28.Qxa6 Rb8 29.Na8 Qd8
30.Rxb8 Qxb8 31.Nb6 Ne5 32.Be2 Kg7 33.a4 g5 34.a5 g4 35.Qa8 Qc7 36.Qe8 Bf7
37.Qb5 Qb7 38.a6 Qb8 39.Na4 Qc7 40.Qb6 Qe7 41.a7 Nf3+ 42.Bxf3 gxf3 43.a8=Q d5
44.Qxc5  1-0

[Event "Aalborg"]
[Site "Aalborg"]
[Date "1995.??.??"]
[Round "4"]
[White "Barkhagen, Jonas"]
[Black "Kristiansen, Jens"]
[Result "1/2-1/2"]
[WhiteElo "2405"]
[BlackElo "2455"]

1.d4 f5 2.g3 Nf6 3.Bg2 g6 4.Nf3 Bg7 5.c4 O-O 6.O-O c6 7.Nc3 Ne4 8.Qc2 d5
9.Bf4 Kh8 10.Qb3 e6 11.Rad1 Nd7 12.Nxe4 fxe4 13.Ng5 Qe7 14.f3 h6 15.Nh3 e5
16.dxe5 exf3 17.exf3 dxc4 18.Qxc4 Nxe5 19.Bxe5 Qxe5 20.Nf4 Kh7 21.b3 Bf5
22.Rfe1 Qf6 23.Ne6 Bxe6 24.Rxe6 Rad8 25.Rxd8 Qxd8 26.h4 Qd4+  1/2-1/2

[Event "Aalborg"]
[Site "Aalborg"]
[Date "1995.??.??"]
[Round "6"]
[White "Sorensen, Bent"]
[Black "Pedersen, Steffen"]
[Result "0-1"]
[WhiteElo "2300"]
[BlackElo "2405"]

1.Nf3 f5 2.g3 Nf6 3.Bg2 g6 4.O-O Bg7 5.d4 O-O 6.c4 d6 7.Nc3 Qe8 8.d5 c6 9.Nd4 Bd7
10.e4 fxe4 11.Nxe4 Nxe4 12.Bxe4 Na6 13.Bg5 Nc7 14.Qd2 e5 15.Ne2 cxd5 16.cxd5 Bh3
17.Rfc1 Qd7 18.f3 Rf7 19.Be3 Ne8 20.f4 Nf6 21.Bg2 Bxg2 22.Kxg2 Qf5 23.Nc3 Ng4
24.Rf1 Bh6 25.Rf3 exf4 26.gxf4 Ne5 27.Rff1 Nc4 28.Qd4 Rc8 29.Rab1 Bg7 30.Qxa7 b6  0-1

[Event "Algarve"]
[Site "Algarve"]
[Date "1995.??.??"]
[Round "6"]
[White "Ramos, A."]
[Black "Sebih, Kamel"]
[Result "0-1"]
[WhiteElo "2170"]
[BlackElo "2395"]

1.d4 f5 2.Nf3 Nf6 3.c4 g6 4.g3 Bg7 5.Bg2 O-O 6.O-O d6 7.Nc3 Nc6 8.d5 Na5
9.Nd2 c5 10.Qc2 a6 11.a3 Qc7 12.b3 Rb8 13.a4 Bd7 14.Bb2 b5 15.axb5 axb5 16.e4 bxc4
17.bxc4 Nxe4 18.Ndxe4 fxe4 19.Nb5 Bxb5 20.Bxg7 Kxg7 21.Qc3+ Rf6 22.cxb5 Rxb5
23.g4 h6 24.h4 g5 25.hxg5 hxg5 26.Bxe4 Rb4 27.Bf5 Nb3 28.Qh3 Rxf5 29.gxf5 Nxa1
30.Qh5 Nc2 31.Qxg5+ Kf8 32.f6 exf6 33.Qxf6+ Kg8 34.Rc1 Rg4+ 35.Kf1 Nd4 36.f3 Rg7
37.Ra1 Qb8 38.f4 Qb5+  0-1

[Event "Antwerp op"]
[Site "Antwerp"]
[Date "1995.??.??"]
[Round "3"]
[White "Novikov, Igor A"]
[Black "Henris, Luc"]
[Result "1-0"]
[WhiteElo "2580"]
[BlackElo "2310"]

1.d4 f5 2.g3 Nf6 3.Bg2 g6 4.Nf3 Bg7 5.O-O O-O 6.c4 d6 7.Nc3 Qe8 8.d5 Na6
9.Rb1 c5 10.b3 h6 11.Ne1 g5 12.e3 Bd7 13.a4 Nb4 14.Nd3 Nxd3 15.Qxd3 Ng4 16.f3 Ne5
17.Qc2 Qh5 18.Bd2 f4 19.exf4 gxf4 20.Bxf4 Rxf4 21.gxf4 Ng6 22.Rbe1 Nxf4 23.Rxe7 Bh3
24.Bxh3 Qg5+ 25.Kh1 Qxe7 26.Be6+ Nxe6 27.dxe6 Qxe6 28.Nd5 Rf8 29.f4 Qh3 30.Qe2 Kh8
31.Rf3 Qf5 32.Rg3 Bd4 33.Kg2 Qf7 34.Qg4 Re8 35.Kh3 h5 36.Qg5 Bg7 37.f5 Re5
38.Rf3 Kh7 39.Kg2 Re2+ 40.Rf2 Re5 41.Kh3 Kh8 42.Nf4 Re3+ 43.Kg2 Rxb3 44.f6  1-0

[Event "San Cristobal op"]
[Site "Asuncion"]
[Date "1995.??.??"]
[Round "5"]
[White "Kropff, Ricardo"]
[Black "Figari, Esteban"]
[Result "1-0"]
[WhiteElo "2210"]
[BlackElo "2045"]

1.d4 f5 2.Nf3 Nf6 3.g3 g6 4.Bg2 Bg7 5.O-O O-O 6.c4 d6 7.Nc3 c6 8.b3 Qa5 9.Qc2 e5
10.dxe5 dxe5 11.Rd1 Na6 12.a3 Qc7 13.b4 Be6 14.c5 Rfd8 15.Bb2 h6 16.Nxe5 Qxe5
17.Nd5 Nxd5 18.Bxe5 Bxe5 19.Rac1 Nac7 20.e4 Nc3 21.Rd3 Rxd3 22.Qxd3 N7b5
23.a4 Nxa4 24.exf5 Bxf5 25.Qb3+ Kg7 26.Re1 Nxc5 27.bxc5 Bf6 28.Bf1 a6 29.Bc4 Rd8
30.Kg2 h5 31.h3 Rd4 32.Re8 Be4+ 33.Kh2 Bd5 34.Bxd5 Rxd5 35.Rb8 Bd4 36.Rxb7+ Kh6
37.Rf7 Bxc5 38.Qf3 Bd4 39.Qf4+ g5 40.Qe4 Bg7 41.Qe6+ Kh7 42.Qf6  1-0

[Event "AUT-chT2O 9495"]
[Site "?"]
[Date "1995.??.??"]
[Round "?"]
[White "Wohlmann, Erich"]
[Black "Maly, Martin"]
[Result "0-1"]
[WhiteElo "2205"]
[BlackElo "2245"]

1.d4 f5 2.g3 Nf6 3.Bg2 g6 4.Nf3 Bg7 5.O-O O-O 6.c4 d6 7.Nc3 Qe8 8.Bg5 c6
9.d5 Na6 10.Rc1 h6 11.Bxf6 Bxf6 12.dxc6 bxc6 13.Nd4 Bd7 14.e3 Rd8 15.Qa4 Nc5
16.Qa5 e5 17.Nde2 e4 18.Qxa7 Be6 19.b3 Ra8 20.Qc7 Nd3 21.Rcd1 Rf7 22.Qb6 Bd8
23.Qd4 c5 24.Qxd6 Bc7 25.Rxd3 Bxd6 26.Rxd6 g5 27.a4 Rd8 28.Nb5 Rfd7 29.Rxd7 Rxd7
30.Nec3 Qd8 31.g4 f4 32.Bxe4 Bxg4 33.Bd5+ Kg7 34.e4 Bf3 35.e5 g4 36.Nd6 Kf8
37.Re1 Qh4 38.Ne2 Bxe2 39.Rxe2 f3 40.Re4 Rxd6 41.exd6 Qh3 42.Rf4+ Kg7  0-1